Normal view
MARC view
- Sarno, Eloiza Grace A.
Entry Personal Name
001 - CONTROL NUMBER
- control field: 9671
003 - CONTROL NUMBER IDENTIFIER
- control field: OSt
005 - DATE AND TIME OF LATEST TRANSACTION
- control field: 20160528162541.0
008 - FIXED-LENGTH DATA ELEMENTS
- fixed length control field: 160528|| aca||aabn | a|a d
040 ## - CATALOGING SOURCE
- Original cataloging agency: OSt
100 ## - HEADING--PERSONAL NAME
- Personal name: Sarno, Eloiza Grace A.
